000 00516nam a2200133Ia 4500
005 20260209120152.0
008 260209s9999||||xx |||||||||||||| ||und||
100 _aRahul
245 0 _aProcess as punishment : evaluating the statutory protection for undertrial serving long duration in prison
260 _aBangaloreBangalore
_bNLSIU, Bangalore
_c2024 - 2025
300 _a35 p. ; 25 cm.
700 _aDr. Noor Ameena - SupervisorDr. Noor Ameena - Supervisor
856 _uhttps://dans.nls.ac.in/handle/123456789/2479
999 _c217775
_d217775